Les 50 plus grands Aéroports Français - Statistiques

Statistiques générales
  • Ce quiz a été pris 1 401 fois
  • Le résultat moyen est 26 sur 50
Statistiques - réponses
Fréquentation Aéroport % Correct
31.8M Paris Orly
97%
76.1M Paris Charles de Gaulle
96%
10.1M Marseille
95%
11.7M Lyon
94%
14.4M Nice
94%
2.2M Lille
93%
9.6M Toulouse
93%
7.7M Bordeaux
91%
7.2M Nantes
89%
1.3M Strasbourg
88%
856k Rennes
85%
1.2M Brest
83%
1.9M Montpellier
82%
3.9M Beauvais
69%
431k Clermont-Ferrand
68%
507k Toulon
65%
307k Grenoble
64%
447k Perpignan
63%
1.6M Ajaccio
62%
1.5M Bastia
60%
1.0M Biarritz
60%
304k Caen
59%
263k Metz Nancy
58%
233k La Rochelle
55%
606k Pau
54%
2.4M Réunion Saint-Denis
52%
197k Tours
52%
231k Nîmes
50%
300k Limoges
48%
114k Poitiers
41%
558k Cayenne
39%
200k Chambéry
35%
466k Tarbes
32%
267k Béziers
31%
565k Nouméa
31%
465k Nouméa
31%
351k Carcassonne
29%
336k Calvi
26%
2.0M Martinique
26%
748k Figari
24%
1.4M Tahiti
23%
111k Dole
16%
285k Bergerac
15%
134k Deauville
14%
2.4M Point-à-Pitre
12%
9.0M Bâle Mulhouse Fribourg
10%
334k Bora-Bora
7%
387k Dzaoudzi
7%
206k Saint-Martin Grand-Case
2%
260k Raiatea
1%
Aucun quiz correspondant
Distribution des résultats
% des personnes avec chaque résultat
Percentile par nombre de réponses
Votre historique - résultats
Vous n’avez pas pris ce quiz